000 00690nam a2200181Ia 4500
008 090123s9999 xx 000 0 und d
082 _b28690
100 _aशहा विभा
245 _aमराठी एैतिहासिक कादंबरी एक अभ्यास
250 _a1
260 _bमेहता प्रकाशन
_c1998
300 _a337
600 _aशहा विभा
630 _aमराठी एैतिहासिक कादंबरी एक अभ्यास
700 _aशहा विभा
730 _aमराठी एैतिहासिक कादंबरी एक अभ्यास
942 _cBOOK
999 _c67261
_d67261